Central Library OPAC University of Rajshahi

حسن المحاضرة في تاريخ مصر والقاهرة ;; Ḥusn al-muḥāḍarah fī tārīkh Miṣr wa-al-Qāhirah / (Record no. 78590)

MARC details
000 -LEADER
fixed length control field 01266cam a2200277 a 4500
001 - CONTROL NUMBER
control field 78590
003 - CONTROL NUMBER IDENTIFIER
rucl marc code BD-RjUL
005 - DATE AND TIME OF LATEST TRANSACTION
control field 20211209083139.0
008 - FIXED-LENGTH DATA ELEMENTS--GENERAL INFORMATION
fixed length control field 010724m19671968ua b 000 0 arar
035 ## - SYSTEM CONTROL NUMBER
System control number (BD-RjUL)78816
040 ## - CATALOGING SOURCE
Transcribing agency PSt
Modifying agency NNU
-- UkOxU
Original cataloging agency BD-RjUL
Language of cataloging eng
041 ## - LANGUAGE CODE
Language code of text/sound track or separate title ara
082 ## - DEWEY DECIMAL CLASSIFICATION NUMBER
Edition number 232
Classification number 962
Author mark and year SUH 1968
100 0# - MAIN ENTRY--PERSONAL NAME
Personal name سيوطي.;; Suyūṭī,
Dates associated with a name 1445-1505.
9 (RLIN) 249111
245 10 - TITLE STATEMENT
Title حسن المحاضرة في تاريخ مصر والقاهرة ;; Ḥusn al-muḥāḍarah fī tārīkh Miṣr wa-al-Qāhirah /
Statement of responsibility, etc. لجلال الدين عبد الرحمن السيوطي ؛ بتحقيق محمد أبو الفضل إبراهيم. ;; li-Jalāl al-Dīn ʿAbd al-Raḥmān al-Suyuṭī ; bi-taḥqīq Muḥammad Abū al-Faḍl Ibrāhīm.
250 ## - EDITION STATEMENT
Edition statement al-Ṭabʿah 1.
260 ## - PUBLICATION, DISTRIBUTION, ETC. (IMPRINT)
Place of publication, distribution, etc. [Cairo] :
Name of publisher, distributor, etc. ʿIsá al-Bābī al-Ḥalabī,
Date of publication, distribution, etc. 1967-1968.
Place of publication, distribution, etc. [القاهرة] :
Name of publisher, distributor, etc. عيسى البابي الحلبي،
Date of publication, distribution, etc. ٨٦٩١-٧٦٩١.
300 ## - PHYSICAL DESCRIPTION
Pagination v. ;
Size 24 cm.
504 ## - BIBLIOGRAPHY, ETC. NOTE
Bibliography, etc Bibliography: v. 2, p. 648-651.
505 ## - FORMATTED CONTENTS NOTE
Formatted contents note Vol. 2
650 ## - SUBJECT ADDED ENTRY--TOPICAL TERM
Topical term or geographic name as entry element Egypt
9 (RLIN) 249114
651 #0 - SUBJECT ADDED ENTRY--GEOGRAPHIC NAME
Geographic name Egypt
General subdivision History
Form subdivision Early works to 1800.
9 (RLIN) 249112
700 1# - ADDED ENTRY--PERSONAL NAME
Personal name إبراهيم، محمد أبو الفضل.;; Ibrāhīm, Muḥammad Abū al-Faḍl.
942 ## - ADDED ENTRY ELEMENTS (KOHA)
Source of classification or shelving scheme Dewey Decimal Classification
Koha item type Books
Holdings
Lost status Source of classification or shelving scheme Damaged status Not for loan Collection code Permanent Location Current Location Shelving location Date acquired Total Checkouts Full call number Date last seen Copy number Koha item type
  Dewey Decimal Classification   Not For Loan Non-fiction Central Library, University of Rajshahi Central Library, University of Rajshahi Reading Room 18/10/2021   A 962 SUH V-1 1968 18/10/2021 C-1 Books